000 00800cam a2200253I 4500
999 _c1659
_d1659
001 463903
003 OSt
005 20180919151254.0
008 750815s1957 nju 000 0 eng
010 _a 57006777 /L
035 _a(OCoLC)ocm01550904
035 _a(OCoLC)ocm01550904
040 _aDLC
_cFBA
_dOCL
_dSER
049 _aPTSS
050 0 _aBV220
_b.P24 1957
082 _a248
_bP2381P
100 1 _aParker, William R.
245 1 0 _aPrayer can change your life;
_bexperiments and techniques in prayer therapy,
_cby William R. Parker and Elaine St. Johns Dare.
260 _aEnglewood Cliffs, N.J.,
_aNew York
_bPrentice-Hall
_bPocket Books
_c[1957]
_c1974
300 _a270 p.
_a253p.;
_c22 cm.
650 0 _aPrayer.
700 1 _aDare, Elaine St. Johns,
_ejoint author.
942 _2ddc
_cBK